000 01119nam a2200301 a 4500
001 1514846
003 CO-ViMGA
005 20230915233607.0
008 190222s2018 ck ao gr 0001j spa d
020 _a9789583050855
040 _aCO-ViMGA
_bspa
_cCO-ViMGA
043 _as-ck---
082 0 4 _aI863.6
_bR65t5
_219
100 1 _aRomaǹ, Celso,
_d1947-
_9132
240 1 0 _aBogota-̀Bibliografia̕ regional
245 1 3 _aEl trebol magico de las tres R :
_bun libro para quienes aman el planeta /
_cCelso Roman Campos.
250 _aEdicion̤ Mireya Fonseca Leal.
260 _aBogota :̀
_bPanamericana Editorial,
_c2018.
300 _a59 pag̀inas :
_bilustraciones, fotografia̕s ;
_c28 cm.
650 1 4 _aBasuras y aprovechamiento de basuras
_v Cuentos infantiles.
_9137
650 1 4 _aCuentos infantiles colombianos.
_9133
650 1 4 _aEcologia̕
_v Cuentos infantiles.
_9135
650 1 4 _aHistorias de aventuras.
_9136
650 1 4 _aLibros ilustrados para niǫs.
_981
650 1 4 _aMedio ambiente
_v Cuentos infantiles.
_9134
700 1 _aFonseca Leal, Raquel Mireya,
_eeditora.
_953
942 _2ddc
_cBK
999 _c37136
_d37136